Excavaciones en condiciones complejas /
Spremljeno u:
| Glavni autor: | |
|---|---|
| Format: | Elektronički e-knjiga |
| Jezik: | španjolski |
| Izdano: |
[Bogotá], Colombia :
Escuela Colombiana de Ingeniería Julio Garavito Editorial,
[1997]
|
| Serija: | Colección Notas.
|
| Teme: | |
| Online pristup: | Digitalia Hispánica |
| Oznake: |
Dodaj oznaku
Bez oznaka, Budi prvi tko označuje ovaj zapis!
|
MARC
| LEADER | 00000nam a2200000Ii 4500 | ||
|---|---|---|---|
| 001 | DIGECIJG0033 | ||
| 003 | NyNyDIG | ||
| 006 | m o d | ||
| 007 | cr ||||||||||| | ||
| 008 | 230912s1997 ck a ob 000 0 spa d | ||
| 035 | |a (OCoLC)1398181337 | ||
| 040 | |a DGITA |b eng |e rda |e pn |c DGITA | ||
| 020 | |z 9789589602768 | ||
| 050 | 1 | 4 | |a TA730 ebook |
| 082 | 0 | 4 | |a 624.152 |2 23 |
| 100 | 1 | |a Moya Barrios, Julio Eduardo, |e author. | |
| 245 | 1 | 0 | |a Excavaciones en condiciones complejas / |c Julio Eduardo Moya Barrios [and 3 others]. |
| 264 | 1 | |a [Bogotá], Colombia : |b Escuela Colombiana de Ingeniería Julio Garavito Editorial, |c [1997] | |
| 300 | |a 1 online resource : |b illustrations. | ||
| 336 | |a text |b txt |2 rdacontent | ||
| 337 | |a computer |b c |2 rdamedia | ||
| 338 | |a online resource |b cr |2 rdacarrier | ||
| 347 | |a text file |2 rdaft | ||
| 347 | |b PDF | ||
| 490 | 1 | |a Colección Notas | |
| 504 | |a Includes bibliographical references. | ||
| 588 | 0 | |a Online resource; title from PDF title page (Digitalia, viewed September 12, 2023) | |
| 650 | 0 | |a Excavation. | |
| 791 | 2 | |a Digitalia (Firm), |e distributor. | |
| 793 | 0 | |g Digitalia eBook Collection: |a Escuela Colombiana de Ingeniería Julio Garavito | |
| 776 | 0 | 8 | |i Print version: |a Moya Barrios, Julio Eduardo. |t Excavaciones en condiciones complejas. |b Primera edición, Cuarta reimpresión, 2010. |d [Bogotá], Colombia : Escuela Colombiana de Ingeniería Julio Garavito Editorial, [1997] |z 9789589602768 |
| 830 | 0 | |a Colección Notas. | |
| 856 | 4 | 0 | |3 Digitalia Hispánica |u https://digitalia.unach.elogim.com/a/127853/ |
| 910 | |a Premium collection: 2023 | ||